[Event "Østlandsserien 2015/2016, 3. div. A"]
[Site "Ås, Akershus NOR"]
[Date "2016.01.17"]
[Round "3.2"]
[White "Furnes, Torstein"]
[Black "Decelle, Christophe"]
[Result "1-0"]
[WhiteElo "1623"]
[BlackElo "1453"]
[Annotator "Furnes, Torstein"]
[PlyCount "97"]
[EventDate "2015.11.01"]
[WhiteTeam "Follo 2"]
[BlackTeam "Fredriksstad 2"]

1. d4 g6 2. c4 Bg7 3. Nc3 Nf6 4. e4 d6 5. Nf3 O-O 6. Be2 c6 7. O-O Nbd7 8. Bg5
Qc7 9. Qd2 e5 10. Bh6 exd4 11. Nxd4 Re8 12. Bxg7 Kxg7 13. f3 Nf8 14. Rad1 Be6
15. Kh1 Rad8 16. Nxe6+ $6 Nxe6 17. Qe3 a6 18. Rd2 Qe7 19. Rfd1 Nc7 20. Qb6 d5
21. cxd5 cxd5 22. exd5 $2 (22. Qxb7 $14 {er bedre.} dxe4 23. Rxd8 Rxd8 24. Rxd8
Qxd8 25. Nxe4) 22... Ncxd5 23. Nxd5 Nxd5 24. Rxd5 Rxd5 25. Rxd5 Qxe2 {Fritz
vurderer stillingen som død remis.} 26. h3 Re7 27. Qd4+ f6 28. Rd6 Qe1+ 29. Kh2
Qe5+ 30. Qxe5 fxe5 {Den svarte e-bonden er en svekkelse, og svart får ikke
byttet den bort, fordi han må passe på b7-bonden.} 31. Kg3 Kf7 32. Rb6 Kg7 33.
Kf2 Kf7 34. Ke3 Kg7 35. Ke4 Kf7 36. g4 Kg7 37. h4 Kf7 38. Kd5 {Svart kommer
snart i trekktvang og kan ikke hindre hvits plan om å spille Te6, så snart den
svarte kongen ikke dekker e6-feltet.} Kg7 39. Re6 Rf7 40. Kxe5 Rxf3 41. Re7+
Rf7 $2 $18 {Etter dette trekket står hvit til klar vinst. Svart bør beholde
tårnene på brettet, selv om det betyr at han mister b7-bonden.} 42. Rxf7+ Kxf7
43. Kd6 Kf6 44. Kc7 $4 $11 {En feil som spiller bort vinststillingen. Hvit må
først avansere med a- og b-bøndene. Den svarte kongen kommer uansett ikke
videre så lenge den hvite kongen står på d6.} ({Hvit vinner etter} 44. b4 g5 (
44... h5 45. gxh5 gxh5 46. Kc7 Kf5 47. Kxb7 Kg4 48. Kxa6 Kxh4 49. b5 Kg3 50. b6
h4 51. b7 h3 52. b8=Q+) 45. h5 b5 46. Kd5 $1 ({Hvit får bare remis etter} 46.
Kc5 $4 Ke5 47. Kb6 Kf4 48. Kxa6 Kxg4 49. Kxb5 Kxh5 50. a4 g4 51. a5 g3 52. a6
g2 53. a7 g1=Q 54. a8=Q) ({Det er også remis etter} 46. a3 $4 h6 47. Kd5 Kf7
48. Kc6 Ke6 49. Kb6 Ke5 50. Kxa6 Kf4 51. Kxb5 Kxg4 52. a4 Kxh5 53. a5 g4 54. a6
g3 55. a7 g2 56. a8=Q g1=Q) 46... h6 47. Kd6 Kf7 48. Ke5 Ke7 49. a3 Kf7 50. Kf5
$1 {Eneste vinsttrekk. Andre trekk gir bare remis.} Kg7 51. Ke6 Kg8 52. Kf6 Kh7
53. Kf7 Kh8 54. Kg6 {osv}) 44... h5 $4 $18 {Gir vinsten tilbake til hvit.} ({
Svart har remis etter} 44... g5 45. h5 Ke5 46. Kxb7 a5 47. Ka6 Kf4 48. Kxa5
Kxg4 49. b4 Kxh5 50. b5 g4 51. b6 g3 52. b7 g2 53. b8=Q g1=Q) 45. gxh5 gxh5 46.
Kxb7 Kf5 47. Kxa6 Kg4 48. b4 Kxh4 49. b5 1-0

[Event "Østlandsserien 2015/2016, 3. div. A"]
[Site "Ås, Akershus NOR"]
[Date "2016.01.17"]
[Round "3"]
[White "Øieroset, Henrik"]
[Black "Kielland-Lund, Jon"]
[Result "1-0"]
[WhiteElo "1491"]
[BlackElo "1550"]
[PlyCount "23"]
[EventDate "2015.11.01"]
[Board "3"]
[WhiteTeam "Fredriksstad 2"]
[BlackTeam "Follo 2"]

1. e4 c6 2. d4 d5 3. e5 c5 4. c3 Nc6 5. Nf3 Bg4 6. Bb5 e6 7. Be3 Qb6 8. Qa4 Rc8
9. dxc5 Bxc5 10. Bxc5 Qxc5 11. Bxc6+ Rxc6 12. Qxg4 1-0

[Event "Østlandsserien 2015/2016, 3. div. A"]
[Site "Ås, Akershus NOR"]
[Date "2016.01.17"]
[Round "3"]
[White "Lea, Per"]
[Black "Livendahl, Rolf"]
[Result "1/2-1/2"]
[WhiteElo "1543"]
[BlackElo "1344"]
[PlyCount "58"]
[EventDate "2015.11.01"]
[Board "4"]
[WhiteTeam "Follo 2"]
[BlackTeam "Fredriksstad 2"]

1. e4 c5 2. Nf3 Nc6 3. d4 cxd4 4. Nxd4 d6 5. c4 Nf6 6. Nc3 a6 7. Be2 Nxd4 8.
Qxd4 e5 9. Qd3 Be7 10. Bg5 Be6 11. O-O Rc8 12. b3 Nd7 13. Bxe7 Qxe7 14. Rad1
Rc6 15. Nd5 Bxd5 16. exd5 Rc7 17. b4 O-O 18. Rc1 Rfc8 19. Rc2 b6 20. Bg4 Rb8
21. Bxd7 Qxd7 22. f4 exf4 23. Rxf4 Qa4 24. Qd2 Rbc8 25. h3 h6 26. Kh2 Qe8 27.
Qd4 Qa4 28. Qd2 Qe8 29. Qd4 Qa4 1/2-1/2

[Event "Østlandsserien 2015/2016, 4. div. A"]
[Site "Ås, Akershus NOR"]
[Date "2016.01.17"]
[Round "3.1"]
[White "Gaarder, Hans K"]
[Black "Moberg, Jan Rune"]
[Result "1-0"]
[WhiteElo "1432"]
[BlackElo "1523"]
[PlyCount "123"]
[EventDate "2015.11.01"]
[WhiteTeam "Nordstrand 6"]
[BlackTeam "Follo 3"]

1. d4 d6 2. e4 Nd7 3. Nf3 e5 4. Be2 Ngf6 5. Nc3 Be7 6. O-O c6 7. b3 b5 8. Bd3
a6 9. a4 b4 10. dxe5 dxe5 11. Ne2 O-O 12. Bb2 Qc7 13. Ng3 Re8 14. Re1 Bf8 15.
Qe2 g6 16. Rad1 Bg7 17. Ng5 h6 18. Nf3 Nc5 19. Bc4 Ng4 20. Nh4 Kh7 21. h3 Nf6
22. Bc1 Ne6 23. Be3 Nf4 24. Qd2 g5 25. Nf3 Bf8 26. Nh2 Be6 27. Bxe6 Nxe6 28.
Qe2 c5 29. Ng4 Nxg4 30. Qxg4 Rad8 31. h4 Rxd1 32. Rxd1 Be7 33. hxg5 Bxg5 34.
Bxg5 hxg5 35. Qf5+ Kg7 36. Nh5+ Kf8 37. Nf6 Rd8 38. Rxd8+ Qxd8 39. Nd5 Qd6 40.
Qf6 Ke8 41. Qh8+ Kd7 42. Nf6+ Kc6 43. Qa8+ Kb6 44. Nd5+ Ka5 45. Qb7 f5 46. exf5
(46. Ne3 {med trusselen Sc4 blir snart matt.}) 46... Nd8 47. Qc7+ (47. Qc8 $1 {
med trusselen Se3 og Sc4 gir snart matt.} Qxd5 $2 48. Qc7#) 47... Qxc7 48. Nxc7
Kb6 49. Nd5+ Kc6 50. Ne3 Kd6 51. f3 Nc6 52. Kf2 Nd4 53. Kg3 e4 54. Nc4+ Kd5 55.
fxe4+ Kxe4 56. f6 Kf5 57. f7 Ne6 58. Nd6+ Kf6 59. f8=Q+ Nxf8 60. Ne4+ Ke5 61.
Nxc5 Ne6 62. Nxa6 1-0

[Event "Østlandsserien 2015/2016, 4. div. A"]
[Site "Ås, Akershus NOR"]
[Date "2016.01.17"]
[Round "3"]
[White "Brenden, Torbjørn"]
[Black "Ugland, Torge"]
[Result "1-0"]
[WhiteElo "1415"]
[BlackElo "1379"]
[Annotator "Brenden,Torbjørn"]
[PlyCount "101"]
[EventDate "2015.11.01"]
[Board "2"]
[WhiteTeam "Follo 3"]
[BlackTeam "Nordstrand 6"]

1. e4 e5 2. Nf3 Nc6 3. Bb5 a6 4. Ba4 Nf6 5. O-O d6 {Unngår Marshall gambitten
i spansk} 6. Re1 Be7 7. h3 O-O 8. c3 h6 9. d4 b5 10. Bb3 Bb7 11. Nbd2 {
Sb1-d2-f1-g3 er typisk i denne varianten. Målet er å få plantet springer på f5.
} Re8 12. Nf1 Nh7 13. Ng3 Rf8 $2 {svart leter etter beste måte å forsvare seg
på} 14. Nf5 Bf6 {Svart vil bytte springer} 15. Nh2 Ne7 16. dxe5 {Hvit tenkte i
10 minutter på å slå å h6 og Fritz viser at det gir en vinnende fordel} (16.
Nxh6+ gxh6 17. Bxh6 Bg7 18. Qg4 Ng6 19. Qxg6 Qf6 20. Qxg7+ Qxg7 21. Bxg7 Kxg7
$18) 16... Nxf5 17. exf6 Nh4 18. fxg7 Kxg7 19. Qh5 {[%eval 494,0] Fritz gir
hvit fordel på} Ng5 20. Ng4 {Her kan hvit avgjøre med Dxh4} (20. Qxh4 Nf3+ 21.
Nxf3) 20... Rh8 21. Kf1 $4 {svakt} (21. Bxg5 hxg5 22. Qxf7#) 21... Ng6 22. f3
Ne5 23. Nxe5 dxe5 {Nok en gang kan hvit slå springer og vinne partiet} 24. Be3
(24. Bxg5 Qxg5 (24... Qd3+ 25. Kg1 hxg5 26. Qxf7+ Kh6 27. Qf6+ Kh7 28. Rad1)
25. Qxf7#) 24... Qf6 25. Kg1 Rad8 26. Red1 Bc8 27. h4 Ne6 28. Rd5 Rxd5 29. exd5
Nf4 30. Bxf4 Qxf4 31. Re1 Re8 32. Re4 Qf6 33. g3 Qg6 34. Qxg6+ Kxg6 35. f4 f6
36. Kf2 Bb7 37. Rb4 c5 38. dxc6 Bxc6 39. fxe5 fxe5 40. Rg4+ Kf6 41. Bc2 Re6 42.
Ke3 Ke7 43. Rg7+ Kd6 44. Ra7 Rf6 45. Be4 Bxe4 46. Kxe4 Kc5 47. Kxe5 Rf2 48.
Rxa6 Rxb2 49. a4 Rc2 50. axb5 Rxc3 51. Rc6+ {Oppgitt} 1-0

[Event "Østlandsserien 2015/2016, 4. div. A"]
[Site "Ås, Akershus NOR"]
[Date "2016.01.17"]
[Round "3"]
[White "Jensen, Michael Eckmann"]
[Black "Thowsen, Alf Geir"]
[Result "0-1"]
[WhiteElo "1277"]
[BlackElo "1175"]
[PlyCount "88"]
[EventDate "2015.11.01"]
[Board "3"]
[WhiteTeam "Nordstrand 6"]
[BlackTeam "Follo 3"]

1. e4 e6 2. b3 d5 3. exd5 exd5 4. Bb2 Nf6 5. Nf3 Be6 6. Bb5+ c6 7. Be2 Bc5 8.
O-O Nbd7 9. Nd4 Qb6 10. Nxe6 fxe6 11. Bh5+ Ke7 12. Qe2 Raf8 13. Bf3 Re8 14. Nc3
Kd8 15. Na4 Qa5 16. Nxc5 Qxc5 17. d4 Qd6 18. a4 Qc7 19. Ba3 e5 20. Qd2 e4 21.
Be2 Re6 22. Qg5 Rg8 23. Bg4 Ree8 24. Bf5 Kc8 25. Rae1 Kb8 26. Re3 h6 27. Qh4
Ka8 28. Bg6 Rc8 29. f3 Qb6 30. Rd1 c5 31. Bb2 Nf8 32. Bf7 Rh8 33. Qh3 Rc6 34.
Qg3 Ne6 35. Bxe6 Rxe6 36. Qxg7 Rg8 37. Qf7 Rge8 38. fxe4 dxe4 39. d5 Rd8 40.
Bxf6 Rxf6 41. Qe7 c4 42. Qxe4 cxb3 43. cxb3 Rfd6 44. Qd4 Rxd5 0-1

[Event "Østlandsserien 2015/2016, 4. div. A"]
[Site "Ås, Akershus NOR"]
[Date "2016.01.17"]
[Round "3"]
[White "Johnson, David"]
[Black "Carstensen, Øyvind"]
[Result "1-0"]
[WhiteElo "1431"]
[BlackElo "1365"]
[PlyCount "67"]
[EventDate "2015.11.01"]
[Board "4"]
[WhiteTeam "Follo 3"]
[BlackTeam "Nordstrand 6"]

1. e4 c5 2. Nf3 Nc6 3. d4 cxd4 4. Nxd4 d5 5. Nc3 dxe4 6. Bb5 Bd7 7. O-O a6 8.
Bc4 Na5 9. Bd5 Nf6 10. Bxe4 Nxe4 11. Nxe4 Qc7 12. Re1 e6 13. c3 Nc4 14. b3 Nb6
15. Qh5 Be7 16. Bg5 Nd5 17. c4 g6 18. Qh4 Bxg5 19. Qxg5 h6 20. Qh4 g5 21. Nxg5
O-O-O 22. Nxf7 Rdg8 23. Nxh8 e5 24. Ne2 Rg4 25. Qxh6 Qd8 26. cxd5 Rh4 27. Rac1+
Kb8 28. Qd6+ Ka8 29. Nf7 Qe8 30. Nxe5 Bf5 31. Nf3 Rh5 32. Ng3 Rh3 33. Nxf5 Rxf3
34. Rxe8+ 1-0

[Event "Østlandsserien 2015/2016, 4. div. B"]
[Site "Ås, Akershus NOR"]
[Date "2016.01.17"]
[Round "3"]
[White "Løvaas, Roger"]
[Black "Lund, Petter"]
[Result "1/2-1/2"]
[WhiteElo "1259"]
[BlackElo "1565"]
[PlyCount "71"]
[EventDate "2015.11.01"]
[Board "1"]
[WhiteTeam "Konnerud 2"]
[BlackTeam "Follo 4"]

1. d4 Nf6 2. Bf4 d5 3. Nf3 e6 4. e3 Be7 5. Bd3 Nbd7 6. c3 c5 7. b3 Nh5 8. Nbd2
Nxf4 9. exf4 Nf6 10. Ne5 a6 11. Qc2 Qc7 12. Rc1 b5 13. dxc5 Bxc5 14. b4 Bd6 15.
O-O Bb7 16. Rfe1 O-O 17. Re3 h6 18. a4 bxa4 19. Qxa4 Bxe5 20. fxe5 Ng4 21. Rg3
Nxe5 22. Bb1 f5 23. Qc2 Rf6 24. Nb3 Raf8 25. Na5 Nc4 26. Nxb7 Qxb7 27. Qa4 Rc8
28. Bd3 e5 29. Bxc4 dxc4 30. Rd1 Qc7 31. Rd7 Qc6 32. Qxc6 Rcxc6 33. Rgxg7+ Kf8
34. Rh7 Kg8 35. Rhg7+ Kf8 36. Rh7 1/2-1/2

[Event "Østlandsserien 2015/2016, 4. div. B"]
[Site "Ås, Akershus NOR"]
[Date "2016.01.17"]
[Round "3"]
[White "Ruud, Kjetil"]
[Black "Flemsæter, Egil"]
[Result "1-0"]
[WhiteElo "1392"]
[BlackElo "1085"]
[PlyCount "49"]
[EventDate "2015.11.01"]
[Board "2"]
[WhiteTeam "Follo 4"]
[BlackTeam "Konnerud 2"]

1. e4 c5 2. b4 cxb4 3. d4 d6 4. Bd3 e6 5. a3 d5 6. e5 Nc6 7. Ne2 Qb6 8. O-O
Nge7 9. axb4 Nxb4 10. Ba3 Nxd3 11. Qxd3 Bd7 12. Nd2 Bb5 13. c4 dxc4 14. Nxc4
Rc8 15. Nxb6 Bxd3 16. Nxc8 Nxc8 17. Rfc1 Nb6 18. Bxf8 Rxf8 19. Nf4 Ba6 20. Nh5
g6 21. Nf6+ Ke7 22. Rc7+ Kd8 23. Rac1 h6 24. g4 Nd5 25. Rd7# 1-0

[Event "Østlandsserien 2015/2016, 4. div. B"]
[Site "Ås, Akershus NOR"]
[Date "2016.01.17"]
[Round "3"]
[White "Auke, Morthen"]
[Black "Simonsen, Steinar"]
[Result "0-1"]
[WhiteElo "980"]
[BlackElo "1240"]
[PlyCount "62"]
[EventDate "2015.11.01"]
[Board "3"]
[WhiteTeam "Konnerud 2"]
[BlackTeam "Follo 4"]

1. d4 d5 2. c4 e6 3. Nf3 Nf6 4. Bg5 h6 5. Bd2 dxc4 6. e3 b5 7. Be2 Bb7 8. O-O
Bd6 9. b3 cxb3 10. Bxb5+ c6 11. Qxb3 cxb5 12. Qxb5+ Bc6 13. Qe2 O-O 14. Rc1 Ne4
15. Be1 Bd5 16. Nc3 Nd7 17. Nxd5 exd5 18. Qa6 Qb6 19. Qa4 Ndf6 20. Ba5 Qb2 21.
Be1 Rfc8 22. Rcb1 Qa3 23. Qd1 Nc3 24. Bxc3 Qxc3 25. Rc1 Qa5 26. Rcb1 Ne4 27.
Rb7 Rab8 28. Rd7 Rd8 29. Rxd8+ Rxd8 30. g3 Rb8 31. Kg2 Rb2 0-1

[Event "Østlandsserien 2015/2016, 3. div. B"]
[Site "Sandefjord, Vestfold NOR"]
[Date "2016.02.07"]
[Round "4"]
[White "Solberg, Svenn"]
[Black "Hoel, Jørgen"]
[Result "0-1"]
[WhiteElo "1274"]
[BlackElo "1895"]
[PlyCount "78"]
[EventDate "2015.11.01"]
[Board "2"]
[WhiteTeam "Caissa 2"]
[BlackTeam "Follo 1"]

1. e4 c5 2. Nf3 g6 3. d4 cxd4 4. Nxd4 Nc6 5. Be3 Nf6 6. Nc3 Bg7 7. Bc4 O-O 8.
f3 Qb6 9. Bb3 Nxe4 10. Nd5 Qa5+ 11. c3 Nxd4 12. Bxd4 e5 13. Bxe5 Bxe5 14. fxe4
Qc5 15. Qf3 a5 16. h4 a4 17. Bc2 b5 18. b4 Qc4 19. Kd2 Re8 20. Nb6 Qc6 21. Nxa8
Qxa8 22. Rhf1 Re7 23. Rae1 d6 24. h5 g5 25. Qd3 Qc6 26. g3 Rc7 27. Re3 Be6 28.
Qe2 Bxa2 29. Rf5 h6 30. Rxe5 dxe5 31. Qf1 Bc4 32. Qf5 Qd6+ 33. Kc1 Rd7 34. Qf2
a3 35. Re1 a2 36. Kb2 Qd2 37. Qxd2 Rxd2 38. Ra1 Bd3 39. Rxa2 Rxc2+ 0-1

[Event "Østlandsserien 2015/2016, 3. div. B"]
[Site "Sandefjord, Vestfold NOR"]
[Date "2016.02.07"]
[Round "4"]
[White "Ringstad, Kjell"]
[Black "Flügel, Stefan"]
[Result "0-1"]
[WhiteElo "1076"]
[BlackElo "1726"]
[PlyCount "84"]
[EventDate "2015.11.01"]
[Board "4"]
[WhiteTeam "Caissa 2"]
[BlackTeam "Follo 1"]

1. e4 Nc6 2. Nc3 e5 3. Nge2 Bc5 4. d3 a6 5. g3 d6 6. Bg2 Bg4 7. O-O Qd7 8. Kh1
h5 9. h4 Nh6 10. Qe1 O-O-O 11. a3 Nd4 12. Nxd4 Bxd4 13. Ne2 Bb6 14. a4 Rdg8 15.
a5 Ba7 16. Nc3 f6 17. Be3 Bb8 18. Nd5 Be6 19. f3 Bxd5 20. exd5 g5 21. hxg5 fxg5
22. Qd2 Qg7 23. Ra4 Nf5 24. Kh2 g4 25. Bf2 h4 26. Rxg4 hxg3+ 27. Kg1 gxf2+ 28.
Qxf2 Qh6 29. Rxg8+ Rxg8 30. Re1 Nh4 31. Kf1 Rxg2 32. Qe3 Qxe3 33. Rxe3 Rxc2 34.
b4 Ba7 35. Re4 Nxf3 36. Re2 Rxe2 37. Kxe2 Nd4+ 38. Kd2 Kd7 39. Kc3 c6 40. dxc6+
Kxc6 41. Kc4 d5+ 42. Kc3 Kb5 0-1

[Event "Østlandsserien 2015/2016, 3. div. A"]
[Site "Moss, Østfold NOR"]
[Date "2016.02.07"]
[Round "4"]
[White "Andersen, Odd"]
[Black "Andersen, Jonatan M"]
[Result "0-1"]
[WhiteElo "1611"]
[BlackElo "1728"]
[Annotator "Lea, Per"]
[PlyCount "73"]
[EventDate "2015.11.01"]
[Board "1"]
[WhiteTeam "Follo 2"]
[BlackTeam "Moss 2"]

1. d4 d5 2. Nf3 Nf6 3. Bf4 e6 4. h3 c5 5. e3 Nc6 6. c3 Bd6 7. Bxd6 Qxd6 8. Bb5
O-O 9. O-O a6 10. Bxc6 bxc6 11. Ne5 Nd7 12. f4 f6 13. Nd3 c4 14. Nf2 e5 15. f5
c5 16. Na3 cxd4 17. exd4 e4 18. Ng4 Nb6 19. Ne3 Bd7 20. Qh5 Na4 21. Qe2 Rfb8
22. Rab1 Bc6 23. Kh1 Nxc3 24. bxc3 Qxa3 25. Nxc4 Qxc3 (25... dxc4 $4 26. Qxc4+
Kh8 27. Rxb8+ Rxb8 28. Qxc6 $18) 26. Rbc1 Qxd4 27. Rfd1 Qa7 28. Na5 Bb5 29. Qd2
Rd8 30. Qb4 Qd7 31. Rd4 Qxf5 32. a4 Rac8 (32... Bc4 33. Re1 Qf2 34. Qd2) (32...
Rdc8 33. Rcd1 Qf2 34. Qd2 Rc2) 33. Re1 Qf2 34. Qd2 Rc2 35. Qxc2 Qxe1+ 36. Kh2
Qxa5 37. axb5 0-1

[Event "Østlandsserien 2015/2016, 3. div. A"]
[Site "Moss, Østfold NOR"]
[Date "2016.02.07"]
[Round "4"]
[White "Berge, Simen"]
[Black "Furnes, Torstein"]
[Result "0-1"]
[WhiteElo "1508"]
[BlackElo "1623"]
[Annotator "Furnes, Torstein"]
[PlyCount "86"]
[EventDate "2015.11.01"]
[Board "2"]
[WhiteTeam "Moss 2"]
[BlackTeam "Follo 2"]

1. d4 d5 2. c4 e6 3. Nc3 Nf6 4. Bg5 Be7 5. Nf3 O-O 6. e3 Nbd7 7. Bd3 dxc4 8.
Bxc4 c6 9. O-O Nd5 10. Bxe7 Qxe7 11. a3 ({I onlinedatabasen til Chessbase er} 
11. Rc1 {det vanligste trekket, spilt 2742 ganger. a3 er spilt 115 ganger.})
11... Nxc3 12. bxc3 e5 13. Qc2 e4 14. Nd2 Nf6 15. f3 exf3 16. Rxf3 Bg4 17. Rg3
{Hittil har vi fulgt partier som finnes i Chessbase sin database, men etter
svarts neste trekk forlater vi databasen.} h5 18. e4 h4 19. Re3 Nd5 $2 $16 {
Jeg tenkte at svart ville få en liten fordel etter at hvit bytter løper mot
springer. Men hvit får en god stilling med tårndobling i e-linjen og
etterhvert en fribonde.} 20. Bxd5 cxd5 21. Rae1 dxe4 22. Rxe4 Qg5 23. Re5 Qh6
24. R1e4 f5 25. Re1 h3 26. Nf1 $6 $15 (26. Re6) 26... hxg2 $11 ({Fritz vil
heller spille} 26... f4 $15) 27. Qxg2 (27. Ne3) 27... Rac8 28. Ne3 ({Da jeg
spilte 27.-Tac8 brukte jeg en del tid. Trekket innebærer et bondeoffer dersom
hvit slår bøndene på b7 og a7, mens svart bare får bonden på c3. Men svart får
kompensasjon i form av økt press mot hvits konge, mens svarts dronning blir
midlertidig deplassert. Fritz fastslår at følgende variant ville vært vinnende
for svart:} 28. Qxb7 $6 Rxc3 (28... f4 {er førstevalget til Fritz.}) 29. Qxa7
$4 $19 Bf3 $1 {Tar kontroll over den viktige a8-h1-diagonalen og svart står
til vinst.}) 28... Bh3 29. Qd5+ Kh8 30. Nxf5 Qf4 31. Ng3 Qf2+ 32. Kh1 Bg4 {I
tillegg til å true Lf3, dekker trekket hvits mattrussel Th5#} 33. Rh5+ ({
Eventuelt} 33. R1e3 Rc6 34. Qg2 Bf3 35. Rxf3 Qxf3 $17) (33. R5e3 $2 Rxc3 $1 $19
) 33... Bxh5 34. Qxh5+ Kg8 35. Qd5+ Qf7 (35... Rf7 $4 36. Rf1 $18) 36. Qg2 $2
$19 {Ifølge Fritz er dette tapstrekk.} ({Hvit kan kjempe videre med} 36. Qxf7+
Rxf7 37. Re3 $17 {med svart fordel på ca. -1.4.}) 36... Rxc3 37. Rf1 Qd7 $2 $15
{Dette dronningtrekket er en ganske stygg feil som spiller bort mesteparten av
svartfordelen.} ({Greieste vinstmåte er} 37... Rf3) 38. Rxf8+ $6 $19 ({Hvit
overser motspillmuligheten} 38. Qa2+ Rf7 39. Ne4 Rc7 (39... Rxa3 $5 40. Nf6+ $1
gxf6 41. Rg1+ Kf8 42. Qxa3+ $15) 40. Ng5 {som vinner tilbake kvaliteten.})
38... Kxf8 39. Qf2+ Qf7 40. Qd2 Qf3+ 41. Kg1 Qe3+ 42. Qxe3 Rxe3 43. Kf2 Rxa3
0-1

[Event "Østlandsserien 2015/2016, 3. div. A"]
[Site "Moss, Østfold NOR"]
[Date "2016.02.07"]
[Round "4"]
[White "Kielland-Lund, Jon"]
[Black "Henriksen, Torbjørn"]
[Result "1-0"]
[WhiteElo "1550"]
[BlackElo "1494"]
[Annotator "Kielland-Lund,Jon"]
[PlyCount "57"]
[EventDate "2015.11.01"]
[Board "3"]
[WhiteTeam "Follo 2"]
[BlackTeam "Moss 2"]

1. c4 e5 2. Nc3 Bc5 3. e3 a6 4. d4 exd4 5. exd4 Ba7 6. Nf3 Nf6 7. Be2 {Jeg
overså Lg5 i følgende variant..} (7. Qe2+ Qe7 8. Qxe7+ Kxe7 9. Bg5 Kf8 (9... d6
10. Nd5+ Kd7) 10. Bxf6 gxf6) 7... h6 8. O-O O-O 9. Bf4 d6 10. Qd2 Bf5 11. d5 {
? Nå forsvinner fordelen} (11. Rae1 Ne4 12. Nxe4 Bxe4) 11... Nbd7 12. Nd4 Bg6
13. Bg3 Nc5 14. f3 Nh5 15. Bf2 Qe7 16. Rfe1 Rae8 17. b4 Nd7 18. Bd3 (18. f4
Bxd4 19. Qxd4 Qf6 20. f5 {med stor fordel...}) 18... Qf6 19. Bxg6 Qxg6 20. Ne4
Ne5 21. c5 f5 {?} (21... Nxf3+ 22. Nxf3 Rxe4 23. Rxe4 Qxe4 24. Re1 Qc4) 22. Ng3
dxc5 23. Ne6 Rxe6 (23... Nxf3+ 24. gxf3 f4 25. Nxf8 Rxf8 26. Re6 Qg5 27. h4
Qxh4 28. Nxh5 Qxh5) 24. dxe6 Nxf3+ 25. gxf3 f4 26. e7 fxg3 (26... Re8 27. Qd5+
Kh7 28. Qxh5) 27. exf8=Q+ Kh7 28. Bxc5 gxh2+ 29. Kh1 {Intet spesielt velspilt
parti, men moro var det! Ikke ofte man har tre dronninger på brettet!} 1-0

[Event "Østlandsserien 2015/2016, 3. div. A"]
[Site "Moss, Østfold NOR"]
[Date "2016.02.07"]
[Round "4"]
[White "Johansen, Arnstein"]
[Black "Lea, Per"]
[Result "0-1"]
[WhiteElo "1489"]
[BlackElo "1543"]
[Annotator "Lea, Per"]
[PlyCount "68"]
[EventDate "2015.11.01"]
[Board "4"]
[WhiteTeam "Moss 2"]
[BlackTeam "Follo 2"]

1. c4 Nf6 2. Nc3 c5 3. g3 g6 4. Bg2 Bg7 5. Rb1 Nc6 6. a3 O-O 7. d3 d6 8. Nf3 a6
9. O-O Rb8 {Dermed er stillingen helt symmetrisk - hvilket hvit vanligvis drar
fordel av.} 10. Bg5 b5 11. Bxf6 $2 (11. cxb5 axb5 12. b4 cxb4 13. axb4 {virker
mer naturlig}) 11... Bxf6 {Som Svein Rishovd sa på anlyserommet etter partiet:
"Den løperen der ser veldig god ut, da". Og det fikk han forsåvidt rett i...}
12. cxb5 axb5 13. Nd2 Bd7 14. Nd5 Bg7 15. b4 e6 16. Ne3 cxb4 17. axb4 Qb6 18.
Ne4 Nd4 19. Nc2 f5 20. Ng5 h6 21. Nxd4 Bxd4 22. Nf3 Bg7 23. Qd2 Rfc8 24. Rfc1
Rxc1+ 25. Rxc1 Rc8 26. Rxc8+ Bxc8 27. Qa2 d5 {Her hadde jeg i bakhodet at
hvitfeltsløperen kunne bli innestengt, men jeg regnet med at jeg på et
passende tidspunkt kunne gjennomføre e6-e5} 28. e4 $2 (28. d4 Bxd4 $4 29. Qa8
$1 $18 {var nok alt for vanskelig for oss å se...}) 28... fxe4 29. dxe4 dxe4
30. Nh4 e3 $1 {Computertrekket - som jeg så! (Men jeg har ikke jukset!
Æresord!)} 31. Nxg6 (31. fxe3 Qxe3+ 32. Qf2 Qc3 33. Nf3 (33. Nxg6 $4 Bd4) 33...
Qxb4 {er også temmelig håpløst}) (31. Qc2 {var kanskje tross alt det beste
blant mange tvilsomme forsøk}) 31... exf2+ 32. Kf1 Qe3 33. Qb1 {Ikke lett å
finne fornuftige alternativer Trekket hindrer i hvert fall en svart
dronningsjakk på d3 med springerfangst} Bc3 $1 {Enda et computertrekk? - og et
trekk som hvit helt hadde oversett} 34. Ne7+ Kh8 $1 {Hvit har ingen motangrep:
en springersjakk på g6 blir besvart med Kg7, og da er det definitivt kroken på
døra} 0-1

[Event "Østlandsserien 2015/2016, 4. div. A"]
[Site "Oslo NOR"]
[Date "2016.02.07"]
[Round "4.1"]
[White "Lund, Petter"]
[Black "Bergan, Gaute"]
[Result "1-0"]
[WhiteElo "1565"]
[BlackElo "1280"]
[PlyCount "103"]
[EventDate "2015.11.01"]
[WhiteTeam "Follo 3"]
[BlackTeam "SK 1911 6"]

1. c4 e5 2. Nc3 Nf6 3. d3 Be7 4. Nf3 d6 5. e4 c6 6. Be2 O-O 7. O-O Bg4 8. h3
Bh5 9. d4 Bxf3 10. Bxf3 exd4 11. Qxd4 Nbd7 12. Bf4 Qc7 13. Be2 Rfe8 14. Bh2
Rad8 15. Qxa7 Nc5 $2 16. Qxc5 Nd7 17. Qe3 Bh4 18. c5 Ne5 19. cxd6 Qxd6 20. Rfd1
Qe7 21. Rxd8 Rxd8 22. f4 Ng6 23. Rd1 Re8 24. Bc4 Qb4 25. Bb3 Be7 26. Kh1 Bc5
27. Qf3 Bd4 28. Qd3 Bc5 29. Qc4 Re7 30. f5 Nf8 31. e5 Qb6 32. Na4 Qb4 33. Qxc5
Qxc5 34. Nxc5 b6 35. Ne4 h6 36. Nd6 b5 37. Nxf7 Rxf7 38. Bxf7+ Kxf7 39. Rd6 Ke7
40. Rxc6 Nd7 41. Ra6 b4 42. Ra7 Ke8 43. e6 Nb6 44. Rxg7 Nc8 45. f6 Kf8 46. Rc7
Kg8 47. Rxc8+ Kh7 48. f7 b3 49. axb3 h5 50. f8=Q h4 51. Qf7+ Kh6 52. Bf4# 1-0